[Event "POL-ch Blitz U18 Girls"]
[Site "Bydgoszcz"]
[Date "2023.08.31"]
[Round "1"]
[White "Krzyzosiak, Anna"]
[Black "Olszewska, Wiktoria"]
[Result "1-0"]
[WhiteElo "1525"]
[BlackElo "1210"]
[PlyCount "52"]
[EventDate "2023.08.28"]
[EventType "swiss"]
[EventRounds "9"]
[EventCountry "POL"]
[SourceTitle "EXT 2024"]
[Source "ChessBase"]
[SourceDate "2023.10.10"]
[SourceVersion "1"]
[SourceVersionDate "2023.10.10"]
[SourceQuality "1"]

1. Nf3 d5 2. g3 Nc6 3. Bg2 e5 4. d3 Nf6 5. 0-0 Be6 6. Nbd2 Bc5 7. e4 dxe4 8. dxe4 0-0 9. c3 Qe7 10. b4 Bb6 11. a4 a5 12. b5 Na7 13. Nxe5 Rad8 14. Qc2 Nd7 15. Nxd7 Rxd7 16. Nb3 c6 17. bxc6 Nxc6 18. Ba3 Qe8 19. Bxf8 Qxf8 20. Rad1 Qd8 21. Rxd7 Qxd7 22. Rd1 Qe7 23. Nd4 Nxd4 24. cxd4 Qd8 25. d5 Bg4 26. Rc1 Qe7 1-0

[Event "EU-ch U10 Girls 26th"]
[Site "Prague"]
[Date "2016.08.26"]
[Round "8"]
[White "Olszewska, Wiktoria"]
[Black "Katter, Marlene"]
[Result "0-1"]
[WhiteElo "1361"]
[BlackElo "1235"]
[PlyCount "72"]
[EventDate "2016.08.18"]
[EventType "swiss"]
[EventRounds "9"]
[EventCountry "CZE"]
[SourceTitle "CBM 174 Extra"]
[Source "ChessBase"]
[SourceDate "2016.10.10"]
[SourceVersion "1"]
[SourceVersionDate "2016.10.10"]
[SourceQuality "1"]

1. e4 e5 2. Nf3 Nc6 3. Bb5 a6 4. Bxc6 dxc6 5. 0-0 Bd6 6. d4 Qe7 7. dxe5 Bxe5 8. Nxe5 Qxe5 9. Nc3 Bd7 10. Re1 0-0-0 11. Qf3 Qf6 12. Qe2 Ne7 13. Bd2 h5 14. a4 h4 15. b4 h3 16. g3 Qg6 17. b5 Bg4 18. Qe3 Qf6 19. bxa6 bxa6 20. Rab1 Rxd2 21. f4 Qd4 22. Qxd4 Rxd4 23. Rb2 Rc4 24. Reb1 Rd8 25. Rb3 Rd2 26. R1b2 Rg2+ 27. Kf1 Rxh2 28. Kg1 Rg2+ 29. Kh1 Bf3 30. Na2 Bxe4 31. Nc3 Nd5 32. Nxe4 Rxe4 33. Rb1 Ree2 34. c4 Rh2+ 35. Kg1 Reg2+ 36. Kf1 Rh1# 0-1